000
00310nam a2200121Ia 4500
008
240624s9999 xx 000 0 und d
041
_a
eng
082
_a
658.4063 GAL
100
_a
GALLO CARMINE
245
_a
INNOVATION SECRETS OF STEVE JOB
260
_c
2014
_a
New delhi
_b
Tata McGraw - Hill
365
_c
RS
_b
33
999
_c
26011
_d
26011